000
00253nam a2200097Ia 4500
001
652878
005
20250826154446.0
008
250824s9999 xx 000 0 und d
245
0
_a
AFACAN 5 LER 8 BAŞLARI BELADA
_c
ENID BLYTON
260
_b
ARTEMİS YAYINLARI
999
_c
652878
_d
652878